Trồng-chăm sóc & phòng trừ sâu bệnh rau ăn lá : (Các loại cải, rau muống, rau dền, rau đay, mồng tơi, rau ngót)
Đã lưu trong:
| Príomhúdar: | |
|---|---|
| Formáid: | Leabhar |
| Teanga: | Undetermined |
| Foilsithe: |
2007
|
| Ábhair: | |
| Clibeanna: |
Cuir Clib Leis
Gan Chlibeanna, Bí ar an gcéad duine leis an taifead seo a chlibeáil!
|
| Thư viện lưu trữ: | Trung tâm Học liệu Trường Đại học Cần Thơ |
|---|
| LEADER | 00656nam a2200181Ia 4500 | ||
|---|---|---|---|
| 001 | CTU_129139 | ||
| 008 | 210402s9999 xx 000 0 und d | ||
| 020 | |c 14000 | ||
| 082 | |a 632.9 | ||
| 082 | |b Ch312/Q.31 | ||
| 100 | |a Nguyễn, Mạnh Chinh | ||
| 245 | 0 | |a Trồng-chăm sóc & phòng trừ sâu bệnh rau ăn lá : | |
| 245 | 0 | |b (Các loại cải, rau muống, rau dền, rau đay, mồng tơi, rau ngót) | |
| 245 | 0 | |c Nguyễn Mạnh Chinh, Phạm Anh Cường | |
| 260 | |c 2007 | ||
| 650 | |a Plants, protection of,Diseases and pests | ||
| 904 | |i Tuyến | ||
| 980 | |a Trung tâm Học liệu Trường Đại học Cần Thơ | ||